000 00517nam a2200181Ia 4500
008 240925s9999 xx 000 0 und d
020 _a9781259004728
082 _a658.3124 NOE
100 _aNOE A. Raymond; Kodwani Deo Amitabh
245 0 _aEmployment Training And Development
250 _a5th
260 _aNew Delhi:
_bMcGraw Hill Education (India) Private Limited
_cNA
300 _axiv, 593p.
_bN.A
_fPhotocopy
500 _aIncludes Index
600 _aManagement
650 _aManagement
942 _cBK
999 _c12387
_d12387